ՀՀ Գիտությունների ազգային ակադեմիայի հիմնարար գիտական գրադարան  =   Fundamental Scientific Library of NAS RA

Соленые тропы : (Record no. 173009)

MARC details
000 -LEADER
fixed length control field 01042nam a2200193 u 4500
001 - CONTROL NUMBER
control field 000472783
003 - CONTROL NUMBER IDENTIFIER
control field AM-YeHGA
005 - DATE AND TIME OF LATEST TRANSACTION
control field 20250618072540.0
008 - FIXED-LENGTH DATA ELEMENTS--GENERAL INFORMATION
fixed length control field 060130s1979 ||| r 000 0 rus d
040 ## - CATALOGING SOURCE
Original cataloging agency AM-YeHGA
041 1# - LANGUAGE CODE
Language code of text/sound track or separate title rus
Language code of original ger
090 ## - LOCALLY ASSIGNED LC-TYPE CALL NUMBER (OCLC); LOCAL CALL NUMBER (RLIN)
-- 174450
100 1# - MAIN ENTRY--PERSONAL NAME
Personal name Реймген, Александр Георгиевич
245 10 - TITLE STATEMENT
Title Соленые тропы :
Remainder of title Рассказы и повесть : Пер. с нем. /
Statement of responsibility, etc. Александр Реймген.
260 ## - PUBLICATION, DISTRIBUTION, ETC.
Place of publication, distribution, etc. Алма-Ата :
Name of publisher, distributor, etc. Жазушы,
Date of publication, distribution, etc. 1979.
300 ## - PHYSICAL DESCRIPTION
Extent 223 с.
505 0# - FORMATTED CONTENTS NOTE
Formatted contents note Рассказы: Первые; Черный камень на хлопковом поле; Прозрение; Отец и сын; Жизнь прожить; В году сорок третьем...; Мартовский дождь; Поездка к сыну; Я не знал, что сказать...; Как бы вы поступили, если...; Чудак; Соленые тропы: Повесть
650 14 - SUBJECT ADDED ENTRY--TOPICAL TERM
Topical term or geographic name entry element Գերմանական գրականություն
9 (RLIN) 5149
Holdings
Withdrawn status Lost status Damaged status Not for loan Collection Home library Current library Date acquired Total checkouts Full call number Barcode Date last seen Price effective from Koha item type Public note
        General Fundamental Scientific Library Fundamental Scientific Library 28/12/2016   830 110045484 28/12/2016 28/12/2016 Գրքեր / Books 30 Days Loan


ՀՀ ԳԱԱ հիմնարար գիտական գրադարան
ՀՀ,Երևան 0019
Մարշալ Բաղրամյան 24/6
հեռախոս:(374-10) 52-47-50
Հետադարձ կապ

All site content, except where otherwise noted, is licensed under a
Creative Commons License